00532nam a2200157Ia 4500003000900000008004100009020002200050040001600072080002200088245014300110260004200253300001000295650002000305650002200325700002700347IN-BaIIA211028s9999 xx 000 0 eng d a978-3-527-40662-3 cIIA Library a52(048.1)bREV-19 0aReviews in modern astronomyb20, from cosmological structures to the milky waycedited by Siegfried Roser  aWeinheimbWiley-VCH Verlag Gmbhc2006 a343p. aHubble constant aStellar evolution aRoser, Siegfried., ed.